| 000 | 01387cam a2200373 a 4500 | ||
|---|---|---|---|
| 001 | 16086044 | ||
| 003 | OSt | ||
| 005 | 20230605115431.0 | ||
| 008 | 100205s2009 ii b 001 0 eng | ||
| 010 | _a 2010316454 | ||
| 020 | _a8120004213 | ||
| 025 | _aI-E-2010-316454; 63-92 | ||
| 037 |
_bLibrary of Congress -- New Delhi Overseas Office _cRs3000.00 |
||
| 040 |
_aDLC _cDLC _dDLC |
||
| 042 | _alcode | ||
| 043 | _aa-ii--- | ||
| 082 |
_a328.5405 _bKAU |
||
| 100 | 1 |
_aKaul, M. N. _q(Maheshwar Nath) |
|
| 245 | 1 | 0 |
_aPractice and procedure of Parliament : _bwith particular reference to the Lok Sabha / _cM.N. Kaul, S.L. Shakdher. |
| 246 | 1 | 8 | _aPractice & procedure of Parliament |
| 250 |
_a6th ed. / _bP.D.T. Achary, editor. |
||
| 260 |
_aNew Delhi : _bPublished for the Lok Sabha Secretariat [by] Metropolitan Book Co., _c2009. |
||
| 300 |
_alix, 1228 p. ; _c25 cm. |
||
| 500 | _aPreviously published: 5th ed. 2001. | ||
| 504 | _aIncludes bibliographical references (p. [1173]-1184) and indexes. | ||
| 610 | 1 | 0 |
_aIndia. _bParliament. _bLok Sabha _xRules and practice. |
| 650 | 0 |
_aParliamentary practice _zIndia. |
|
| 700 | 1 |
_aShakdher, S. L., _d1918- |
|
| 700 | 1 | _aAchary, P. D. T. | |
| 710 | 1 |
_aIndia. _bParliament. _bLok Sabha. _bSecretariat. |
|
| 906 |
_a7 _bcbc _corigode _d3 _encip _f20 _gy-gencatlg |
||
| 942 |
_2ddc _cBK |
||
| 999 |
_c344 _d344 |
||